[Event "Batatais op 2nd"]
[Site "Batatais"]
[Date "2011.12.17"]
[Round "4"]
[White "Da Silva, Robson Batista"]
[Black "Guimaraes, Lucas dos S Peixoto"]
[Result "1/2-1/2"]
[WhiteElo "1705"]
[BlackElo "1884"]
[PlyCount "46"]
[EventDate "2011.12.16"]
[EventType "swiss"]
[EventRounds "6"]
[EventCountry "BRA"]
[SourceTitle "EXT 2013"]
[Source "ChessBase"]
[SourceDate "2012.11.22"]
[SourceVersion "1"]
[SourceVersionDate "2012.11.22"]
[SourceQuality "1"]

1. e4 c5 2. c3 Nf6 3. e5 Nd5 4. d4 cxd4 5. Nf3 Nc6 6. cxd4 e6 7. Nc3 d6 8. Nxd5 exd5 9. Bd3 dxe5 10. dxe5 Bg4 11. 0-0 Bc5 12. h3 Bxf3 13. Qxf3 0-0 14. Re1 Bb4 15. Re3 Bc5 16. Re1 Qb6 17. a3 Bd4 18. Qg3 Rfe8 19. Bf4 Nd8 20. Rab1 Ne6 21. Be3 Bxe3 22. Rxe3 Nc5 23. b4 Nxd3 1/2-1/2